<?xml version="1.0" encoding="UTF-8"?>
<record
    xmlns:xsi="http://www.w3.org/2001/XMLSchema-instance"
    xsi:schemaLocation="http://www.loc.gov/MARC21/slim http://www.loc.gov/standards/marcxml/schema/MARC21slim.xsd"
    xmlns="http://www.loc.gov/MARC21/slim">

  <leader>00706nam a22001337a 4500</leader>
  <datafield tag="040" ind1=" " ind2=" ">
    <subfield code="c">RUA</subfield>
  </datafield>
  <datafield tag="082" ind1=" " ind2=" ">
    <subfield code="a">AED MOR 2018 B657 Or.1</subfield>
  </datafield>
  <datafield tag="100" ind1=" " ind2=" ">
    <subfield code="a">MORNG KOSAL &#x1798;&#x17C9;&#x1784;&#x17CB;&#x200B; &#x1780;&#x17BB;&#x179F;&#x179B;&#x17CB;</subfield>
  </datafield>
  <datafield tag="245" ind1=" " ind2=" ">
    <subfield code="a">the study on economic efficiency of chicken production on farm in chambank commune, bati distrit, takeo province &#x1780;&#x17B6;&#x179A;&#x179F;&#x17B7;&#x1780;&#x17D2;&#x179F;&#x17B6;&#x179A;&#x17A2;&#x17C6;&#x1796;&#x17B8;&#x1797;&#x17B6;&#x1796;&#x179F;&#x17C1;&#x178A;&#x17D2;&#x178B;&#x1780;&#x17B7;&#x1785;&#x17D2;&#x1785;&#x1793;&#x17C3;&#x1795;&#x179B;&#x17B7;&#x178F;&#x1780;&#x1798;&#x17D2;&#x1798;&#x1798;&#x17B6;&#x1793;&#x17CB;&#x1799;&#x1780;&#x179F;&#x17B6;&#x1785;&#x17CB;&#x1787;&#x17B6;&#x179B;&#x1780;&#x17D2;&#x1781;&#x178E;&#x17C8;&#x1780;&#x179F;&#x17B7;&#x178A;&#x17D2;&#x178B;&#x17B6;&#x1793;&#x200B;&#x1793;&#x17C5;&#x1783;&#x17BB;&#x17C6;&#x1785;&#x17C6;&#x1794;&#x1780;&#x17CB; &#x179F;&#x17D2;&#x179A;&#x17BB;&#x1780;&#x1794;&#x17B6;&#x1791;&#x17B8; &#x1781;&#x17C1;&#x178F;&#x17D2;&#x178F;&#x178F;&#x17B6;&#x1780;&#x17C2;&#x179C;</subfield>
  </datafield>
  <datafield tag="260" ind1=" " ind2=" ">
    <subfield code="a">RUA</subfield>
    <subfield code="b">Phnom penh</subfield>
    <subfield code="c">2018</subfield>
  </datafield>
  <datafield tag="300" ind1=" " ind2=" ">
    <subfield code="a">xi;48p</subfield>
    <subfield code="b">ill;</subfield>
    <subfield code="c">29cm</subfield>
  </datafield>
  <datafield tag="856" ind1=" " ind2=" ">
    <subfield code="u">MORNG KOSAL</subfield>
  </datafield>
  <datafield tag="942" ind1=" " ind2=" ">
    <subfield code="c">AED</subfield>
  </datafield>
  <datafield tag="999" ind1=" " ind2=" ">
    <subfield code="c">18856</subfield>
    <subfield code="d">18856</subfield>
  </datafield>
  <datafield tag="952" ind1=" " ind2=" ">
    <subfield code="0">0</subfield>
    <subfield code="1">0</subfield>
    <subfield code="2">ddc</subfield>
    <subfield code="4">0</subfield>
    <subfield code="6">AED_MOR_2018_000000000000000_B657_OR_1</subfield>
    <subfield code="7">0</subfield>
    <subfield code="9">83471</subfield>
    <subfield code="a">LBB</subfield>
    <subfield code="b">LBB</subfield>
    <subfield code="c">B657</subfield>
    <subfield code="d">2020-01-29</subfield>
    <subfield code="l">3</subfield>
    <subfield code="o">AED MOR 2018 B657 Or.1</subfield>
    <subfield code="p">A43289</subfield>
    <subfield code="r">2022-08-17</subfield>
    <subfield code="s">2022-08-02</subfield>
    <subfield code="w">2020-01-29</subfield>
    <subfield code="y">AED</subfield>
  </datafield>
  <datafield tag="952" ind1=" " ind2=" ">
    <subfield code="0">0</subfield>
    <subfield code="1">0</subfield>
    <subfield code="2">ddc</subfield>
    <subfield code="4">0</subfield>
    <subfield code="6">AED_MOR_2018_000000000000000_B657_OR_2</subfield>
    <subfield code="7">0</subfield>
    <subfield code="9">83472</subfield>
    <subfield code="a">LBB</subfield>
    <subfield code="b">LBB</subfield>
    <subfield code="c">B657</subfield>
    <subfield code="d">2020-01-29</subfield>
    <subfield code="l">4</subfield>
    <subfield code="o">AED MOR 2018 B657 Or.2</subfield>
    <subfield code="p">A42676</subfield>
    <subfield code="r">2026-01-12</subfield>
    <subfield code="s">2025-12-03</subfield>
    <subfield code="w">2020-01-29</subfield>
    <subfield code="y">AED</subfield>
  </datafield>
  <datafield tag="952" ind1=" " ind2=" ">
    <subfield code="0">0</subfield>
    <subfield code="1">0</subfield>
    <subfield code="2">ddc</subfield>
    <subfield code="4">0</subfield>
    <subfield code="6">AED_MOR_2018_000000000000000_B657_OR_3</subfield>
    <subfield code="7">0</subfield>
    <subfield code="9">83473</subfield>
    <subfield code="a">LBB</subfield>
    <subfield code="b">LBB</subfield>
    <subfield code="c">B657</subfield>
    <subfield code="d">2020-01-29</subfield>
    <subfield code="o">AED MOR 2018 B657 Or.3</subfield>
    <subfield code="p">A42617</subfield>
    <subfield code="r">2020-01-29</subfield>
    <subfield code="w">2020-01-29</subfield>
    <subfield code="y">AED</subfield>
  </datafield>
  <datafield tag="952" ind1=" " ind2=" ">
    <subfield code="0">0</subfield>
    <subfield code="1">0</subfield>
    <subfield code="2">ddc</subfield>
    <subfield code="4">0</subfield>
    <subfield code="6">AED_MOR_2018_000000000000000_B657_OR_4</subfield>
    <subfield code="7">0</subfield>
    <subfield code="9">83474</subfield>
    <subfield code="a">LBB</subfield>
    <subfield code="b">LBB</subfield>
    <subfield code="c">B657</subfield>
    <subfield code="d">2020-01-29</subfield>
    <subfield code="l">1</subfield>
    <subfield code="o">AED MOR 2018 B657 Or.4</subfield>
    <subfield code="p">A42659</subfield>
    <subfield code="r">2023-06-26</subfield>
    <subfield code="s">2023-06-19</subfield>
    <subfield code="w">2020-01-29</subfield>
    <subfield code="y">AED</subfield>
  </datafield>
  <datafield tag="952" ind1=" " ind2=" ">
    <subfield code="0">0</subfield>
    <subfield code="1">0</subfield>
    <subfield code="2">ddc</subfield>
    <subfield code="4">0</subfield>
    <subfield code="6">AED_MOR_2018_000000000000000_B657_OR_5</subfield>
    <subfield code="7">0</subfield>
    <subfield code="9">83475</subfield>
    <subfield code="a">LBB</subfield>
    <subfield code="b">LBB</subfield>
    <subfield code="c">B657</subfield>
    <subfield code="d">2020-01-29</subfield>
    <subfield code="l">1</subfield>
    <subfield code="o">AED MOR 2018 B657 Or.5</subfield>
    <subfield code="p">A43284</subfield>
    <subfield code="r">2024-12-17</subfield>
    <subfield code="s">2024-12-17</subfield>
    <subfield code="w">2020-01-29</subfield>
    <subfield code="y">AED</subfield>
  </datafield>
  <datafield tag="952" ind1=" " ind2=" ">
    <subfield code="0">0</subfield>
    <subfield code="1">0</subfield>
    <subfield code="2">ddc</subfield>
    <subfield code="4">0</subfield>
    <subfield code="6">AED_MOR_2018_000000000000000_B657_OR_6</subfield>
    <subfield code="7">0</subfield>
    <subfield code="9">83476</subfield>
    <subfield code="a">LBB</subfield>
    <subfield code="b">LBB</subfield>
    <subfield code="c">B657</subfield>
    <subfield code="d">2020-01-29</subfield>
    <subfield code="l">2</subfield>
    <subfield code="o">AED MOR 2018 B657 Or.6</subfield>
    <subfield code="p">A42584</subfield>
    <subfield code="q">2026-07-31</subfield>
    <subfield code="r">2026-06-26</subfield>
    <subfield code="s">2026-06-26</subfield>
    <subfield code="w">2020-01-29</subfield>
    <subfield code="y">AED</subfield>
  </datafield>
</record>
